000 00594cam a2200193 4500
008 000000n1999 000 0 eng u
020 _a0860175073
035 _a(Sirsi) u103257
041 _aeng
050 _a690.24028
110 _aConstruction Industry Research and Information Association
_94810
245 _aOperation and maintenance manuals for buildings, a guide to procurement and preparation.
260 _aLondon
_bCIRIA
_c1999
300 _a60p. ; 30cm.
650 _aFACILITIES MANAGEMENT
_96240
650 _aProcurement-old
690 _aBUILT ENVIRONMENT
942 _n0
999 _c100108
_d100108